000 00426nam a2200181Ia 4500
005 20240823025916.0
008 240823s9999||||xx |||||||||||||| ||und||
041 _aENGLISH
082 _A006.6 N5
100 _a"Sinclair,Ian R"
245 0 _aMultimedia on the PC
250 _a1st
260 _c1995
_b"BPB,New Delhi"
500 _aYES
650 _aMultimedia
_bInformation Technology
942 _cBK
999 _c187438
_d187438